[Event "31st ECC Open 2015"]
[Site "Skopje MKD"]
[Date "2015.10.19"]
[Round "2.12"]
[Board "1"]
[White "Swiercz, Dariusz"]
[Black "Howell, David W L"]
[Result "1-0"]
[WhiteTitle "GM"]
[BlackTitle "GM"]
[WhiteElo "2620"]
[BlackElo "2705"]
[WhiteTeam "WORLDTRADINGLAB CLUB 64 MODENA (ITA)"]
[BlackTeam "CHEDDLETON (ENG)"]
[WhiteFideId "1126881"]
[BlackFideId "410608"]
[EventDate "2015.10.18"]
[EventType "team"]

1. d4 Nf6 2. c4 g6 3. Nc3 d5 4. cxd5 Nxd5 5. e4 Nxc3 6. bxc3 Bg7 7. Qa4+ Qd7 8.
Bb5 c6 9. Be2 O-O 10. Qa3 b6 11. Nf3 c5 12. O-O Bb7 13. d5 e6 14. Be3 exd5 15.
Rad1 Nc6 16. exd5 Ne5 17. c4 Rfe8 18. Rfe1 Nxf3+ 19. Bxf3 Be5 20. Re2 Bd6 21.
Rde1 Qf5 22. Bc1 Rxe2 23. Rxe2 b5 24. g4 Qb1 25. cxb5 Qxb5 26. Qc3 Qb4 27. Qf6
Qd4 28. Qxd6 Qd1+ 29. Kg2 Qxc1 30. Re7 Qb2 31. Qc7 Ba6 32. Qc6 1-0

[Event "31st ECC Open 2015"]
[Site "Skopje MKD"]
[Date "2015.10.19"]
[Round "2.22"]
[Board "6"]
[White "O'driscoll, Kieran"]
[Black "Golubovic, Tomislav"]
[Result "1-0"]
[WhiteElo "2079"]
[BlackElo "1850"]
[WhiteTeam "WHITE ROSE (ENG)"]
[BlackTeam "KARPOS (MKD)"]
[WhiteFideId "2501899"]
[BlackFideId "15003043"]
[EventDate "2015.10.18"]
[EventType "team"]

1. d4 Nf6 2. c4 c5 3. d5 g6 4. Nc3 Bg7 5. e4 d6 6. Be2 a6 7. Bg5 O-O 8. Qd2 Re8
9. Nf3 Bg4 10. O-O Nbd7 11. Rfe1 Rb8 12. a4 Bxf3 13. Bxf3 Ne5 14. Be2 Qc7 15. f4
Ned7 16. Bf3 Nb6 17. e5 Nfd7 18. e6 fxe6 19. dxe6 Nf6 20. Qd3 Qd8 21. f5 gxf5
22. Qxf5 Rf8 23. Qd3 Qe8 24. Ne4 Qg6 25. Bd2 Ng4 26. Bxg4 Qxg4 27. a5 Na8 28.
Bc3 Rf4 29. Re3 Qh5 30. Rg3 Rg4 31. Qf3 1-0

[Event "31st ECC Open 2015"]
[Site "Skopje MKD"]
[Date "2015.10.20"]
[Round "3.10"]
[Board "3"]
[White "Van Haastert, Edwin"]
[Black "Duncan, Chris R"]
[Result "1-0"]
[WhiteTitle "IM"]
[BlackTitle "FM"]
[WhiteElo "2433"]
[BlackElo "2334"]
[WhiteTeam "LSG LEIDEN (NED)"]
[BlackTeam "BLACKTHORNE RUSSIA (ENG)"]
[WhiteFideId "1003992"]
[BlackFideId "403091"]
[EventDate "2015.10.18"]
[EventType "team"]

1. e4 c5 2. Nf3 d6 3. d4 cxd4 4. Nxd4 Nf6 5. Nc3 g6 6. Be3 Bg7 7. f3 Nc6 8. Qd2
O-O 9. O-O-O d5 10. exd5 Nxd5 11. Nxc6 bxc6 12. Bd4 Bxd4 13. Qxd4 Qb6 14. Na4
Qc7 15. Bc4 Rd8 16. Nc5 Bf5 17. Bb3 Nf4 18. Qf2 Qb6 19. Qe3 Nd5 20. Qd4 e5 21.
Qc4 Re8 22. Rhe1 Rad8 23. g4 Bc8 24. h4 h6 25. Rd2 Re7 26. Nd3 Ba6 27. Qe4 Bxd3
28. Rxd3 Qa5 29. Red1 Rc8 30. h5 g5 31. c3 Kg7 32. Bc2 Nf6 33. Qf5 Re6 34. Rd7
Nxd7 35. Rxd7 1-0

[Event "31st ECC Open 2015"]
[Site "Skopje MKD"]
[Date "2015.10.24"]
[Round "7.5"]
[Board "2"]
[White "Malakhov, Vladimir"]
[Black "Brunello, Sabino"]
[Result "1/2-1/2"]
[WhiteTitle "GM"]
[BlackTitle "GM"]
[WhiteElo "2694"]
[BlackElo "2553"]
[WhiteTeam "UNIVERZITY-BELORECHENSK (RUS)"]
[BlackTeam "WORLDTRADINGLAB CLUB 64 MODENA (ITA)"]
[WhiteFideId "4120787"]
[BlackFideId "813613"]
[EventDate "2015.10.18"]

1. c4 c5 2. Nf3 Nf6 3. Nc3 Nc6 4. e3 e6 5. d4 d5 6. cxd5 exd5 7. Bb5 Be7 8. dxc5
Bxc5 9. O-O O-O 10. b3 Bg4 11. Bb2 Rc8 12. Rc1 Qd6 13. Be2 a6 14. h3 Bf5 15. Bd3
Bxd3 16. Qxd3 Ba3 17. Bxa3 Qxa3 18. Nd4 Nxd4 19. Qxd4 Ne4 20. Rc2 Nxc3 21. Rxc3
Rxc3 22. Qxc3 Qxa2 23. Rd1 h6 24. Rxd5 Qb1+ 25. Kh2 Qe4 26. Qc5 b6 27. Qd6 Re8
28. Qc6 a5 29. Qd7 Qe6 30. Qxe6 Rxe6 31. Rd8+ Kh7 32. Rb8 h5 33. Rb7 Kg8 34. g3
g6 35. h4 Kg7 36. Kg2 b5 37. Rxb5 Ra6 38. e4 a4 39. bxa4 Rxa4 40. Kf3 Ra3+ 41.
Kf4 Ra2 42. f3 Ra1 43. Rd5 Ra4 44. Ke3 Ra3+ 45. Rd3 Ra1 46. e5 Ra4 47. Rd4 Ra3+
48. Kf4 Ra1 49. Rb4 Ra3 50. Rc4 Ra1 51. Rc7 Ra4+ 52. Ke3 Kf8 53. Rb7 Ra6 54. Kf4
Kg7 55. g4 hxg4 56. Kxg4 Ra4+ 57. f4 Re4 58. Rb1 Ra4 59. Rc1 Rb4 60. Ra1 Rc4 61.
Ra7 Re4 62. h5 gxh5+ 63. Kf5 Re1 64. Kg5 Re4 65. Ra6 h4 66. Ra3 Kf8 67. Kf5 Rb4
68. Rh3 Rb1 69. Rxh4 Ra1 70. Rh8+ Ke7 71. Rb8 Rh1 72. Rb7+ Kf8 73. Kf6 Rh6+ 74.
Kg5 Rg6+ 75. Kh5 Re6 76. Rd7 Ke8 77. Rd5 Rg6 78. f5 Rg1 79. f6 Rh1+ 80. Kg4 Rg1+
81. Kf3 Rf1+ 82. Ke2 Ra1 83. Ke3 Re1+ 84. Kd4 Rd1+ 85. Kc5 Rc1+ 86. Kd6 Ra1 87.
Rc5 Rd1+ 88. Kc7 Ra1 89. Rc2 Re1 90. Rc5 Ra1 91. Kc8 Re1 92. Rd5 Rc1+ 93. Kb7
Rb1+ 94. Kc6 Rc1+ 95. Kd6 Ra1 96. Rd2 Rb1 97. Ra2 Rd1+ 98. Kc6 Rc1+ 99. Kd5 Rd1+
100. Ke4 Re1+ 101. Kf4 Rf1+ 102. Kg4 Rg1+ 103. Kf3 Rf1+ 104. Ke2 Rb1 105. Ra7
Rh1 106. Re7+ Kf8 107. Kd3 Rd1+ 108. Kc4 Rc1+ 109. Kd5 Rd1+ 110. Kc6 Rc1+ 111.
Kd7 Rd1+ 112. Kc8 Rc1+ 113. Kd8 Rd1+ 114. Rd7 Re1 115. Rd5 Ra1 116. Rd2 Re1 117.
Kc8 Rc1+ 118. Kd7 Ra1 119. Rd4 Re1 120. Ra4 Rd1+ 121. Kc6 Rc1+ 122. Kd5 Rd1+
123. Ke4 Re1+ 124. Kf5 1/2-1/2